00557nam a2200169 a 450000100100000000500170001000800410002704000250006808200170009310000280011024500880013826000300022630000210025649000200027750000700029783000200036700004265420201002040313.0140204s1969 sp 000 0 spa d aDO-SdBNPbspacBNPHU axxxxxbxxxxx1 aMorales, José Ricardo10aBurlilla de Don Berrendo, Doña Caracolines y su Amante /cJosé Ricardo Morales. aMadrid, :bTaurus,c1969. a175 p. ;c19 cm.1 aEl mirlo blanco aIncluye datos biográficos del autor en la solapa de la cubierta 0aEl mirlo blanco